2026 March Madness - Statistics

General Stats
  • This quiz has been taken 36 times
  • The average score is 47 of 64
Answer Stats
Hint East % Correct
1 Arizona
100%
1 Duke
100%
1 Michigan
100%
3 Michigan State
100%
11 Texas/NC State
100%
1 Florida
96%
9 Iowa
96%
2 Iowa State
96%
8 Ohio State
96%
3 Gonzaga
92%
2 UConn
92%
4 Arkansas
88%
11 SMU/Miami (Ohio)
88%
5 St. John's
88%
6 Tennessee
88%
7 UCLA
88%
5 Wisconsin
88%
2 Houston
85%
9 TCU
85%
3 Virginia
85%
8 Georgia
81%
4 Kansas
81%
6 Louisville
81%
2 Purdue
81%
16 UMBC/Howard
81%
8 Clemson
77%
16 Prairie View A&M/Lehigh
77%
5 Texas Tech
77%
10 UCF
77%
4 Alabama
73%
6 BYU
73%
13 Hawaii
73%
3 Illinois
73%
7 Kentucky
73%
4 Nebraska
73%
12 Northern Iowa
73%
11 South Florida
73%
10 Texas A&M
73%
9 Utah State
73%
5 Vanderbilt
73%
7 Miami (Florida)
69%
10 Missouri
69%
12 High Point
65%
6 North Carolina
65%
9 Saint Louis
65%
7 Saint Mary's
65%
16 Siena
65%
8 Villanova
65%
13 Cal Baptist
62%
13 Hofstra
62%
10 Santa Clara
62%
13 Troy
62%
12 Akron
58%
14 Kennesaw State
58%
12 McNeese
58%
11 VCU
58%
16 LIU
54%
14 Penn
54%
15 Furman
50%
14 Wright State
50%
14 North Dakota State
46%
15 Idaho
38%
15 Queens
38%
15 Tennessee State
35%
No matching quizzes found
Score Distribution
Percent of People with Each Score
Percentile by Number Answered
Your Score History
You have not taken this quiz